| 000 | 00400 a2200133 4500 | ||
|---|---|---|---|
| 001 | 91631 | ||
| 082 | _aPR 1596 | ||
| 090 |
_c43786 _d43785 |
||
| 100 | _aKamran Akram; Prof Tauqeer, Advisor | ||
| 245 |
_aAcquisition and Display of arial position information from Shaft Encoder of an MPDR-45 on a PC _n52 ' B" EC |
||
| 260 |
_aRawalpindi _bNUST _c2000 |
||
| 300 | _a78p | ||
| 500 | _aBE Project Reports | ||
| 942 |
_aCAE NUST _kPR 1596 |
||
| 999 |
_c326704 _d326704 |
||